MARC details
| 000 -CABECERA |
| campo de control de longitud fija |
00749nam a22002655a 4500 |
| 001 - NUMERO DE CONTROL |
| campo de control |
002876 |
| 003 - IDENTIFICADOR DE NUMERO DE CONTROL |
| campo de control |
armpunfd |
| 005 - FECHA ULTIMA MODIFICACION |
| campo de control |
20150622163014.0 |
| 008 - ELEMENTOS DE LONGITUD FIJA -- INFORMACION GENERAL |
| campo de control de longitud fija |
140814s1977####ag############000#0#und#d |
| 080 ## - NUMERO DE CLASIFICACION DECIMAL UNIVERSAL (CDU) |
| Número de la Clasificación Decimal Universal |
34 (09) Sa 94 |
| 100 1# - ASIENTO PRINCIPAL--NOMBRE PERSONAL |
| Nombre personal |
Von Savigny E. |
| 245 10 - MENCION DE TITULO |
| Título propiamente dicho |
De la Vocación de Nuestro Siglo para la Legislación y la Ciencia del Derecho / |
| 260 ## - PUBLICACION, DISTRIBUCION, ETC. (PIE DE IMPRENTA) |
| Lugar de publicación, distribución, etc. |
Buenos Aires : |
| Nombre del editor, distribuidor, etc. |
Heliasta, |
| Fecha de publicación, distribución, etc. |
1977. |
| 300 ## - DESCRIPCION FISICA |
| Extensión |
172 P. |
| 650 #7 - ASIENTO SECUNDARIO DE MATERIA - TERMINO TEMATICO |
| Término temático o nombre geográfico como elemento de entrada |
Codigo Austriaco |
| Fuente del encabezamiento o término |
LEMB |
| 650 #7 - ASIENTO SECUNDARIO DE MATERIA - TERMINO TEMATICO |
| Término temático o nombre geográfico como elemento de entrada |
Codigo Civil |
| Fuente del encabezamiento o término |
LEMB |
| 650 #7 - ASIENTO SECUNDARIO DE MATERIA - TERMINO TEMATICO |
| Término temático o nombre geográfico como elemento de entrada |
Codigo Napoleon |
| Fuente del encabezamiento o término |
LEMB |
| 650 #7 - ASIENTO SECUNDARIO DE MATERIA - TERMINO TEMATICO |
| Término temático o nombre geográfico como elemento de entrada |
Codigos |
| Fuente del encabezamiento o término |
LEMB |
| 650 #7 - ASIENTO SECUNDARIO DE MATERIA - TERMINO TEMATICO |
| Término temático o nombre geográfico como elemento de entrada |
Compilación Prusiana |
| Fuente del encabezamiento o término |
LEMB |
| 650 #7 - ASIENTO SECUNDARIO DE MATERIA - TERMINO TEMATICO |
| Término temático o nombre geográfico como elemento de entrada |
Derecho Civil Aleman |
| Fuente del encabezamiento o término |
LEMB |
| 650 #7 - ASIENTO SECUNDARIO DE MATERIA - TERMINO TEMATICO |
| Término temático o nombre geográfico como elemento de entrada |
Derecho Romano |
| Fuente del encabezamiento o término |
LEMB |
| 651 ## - ASIENTO SECUNDARIO DE MATERIA - NOMBRE GEOGRAFICO |
| Fuente del encabezamiento o término |
LEMB |
| 945 ## - INFORMACION DE PROCESAMIENTO LOCAL |
| Responsable de carga/modificación |
Celeste Delía |
| Fecha de ingreso o modificación |
2014-08-14 |